New encyclopedia of herbs & their uses / (Record no. 18415)
[ view plain ]
| 000 -LEADER | |
|---|---|
| fixed length control field | 00585cam a22002054a 4500 |
| 020 ## - INTERNATIONAL STANDARD BOOK NUMBER | |
| ISBN | 078948031X (alk. paper) |
| 040 ## - CATALOGING SOURCE | |
| Transcribing agency | DLC |
| 082 00 - DEWEY DECIMAL CLASSIFICATION NUMBER | |
| Classification number | 581 dkp 2001 c144 Or. |
| 100 1# - MAIN ENTRY--AUTHOR NAME | |
| Personal name | Bown, Deni. |
| 245 10 - TITLE STATEMENT | |
| Title | New encyclopedia of herbs & their uses / |
| 246 3# - VARYING FORM OF TITLE | |
| Title proper/short title | New encyclopedia of herbs and their uses |
| 250 ## - EDITION STATEMENT | |
| Edition statement | 1st American ed. |
| 260 ## - PUBLICATION, DISTRIBUTION, ETC. (IMPRINT) | |
| Place of publication | London ; |
| -- | New York : |
| Name of publisher | DK Pub., |
| Year of publication | 2001. |
| 300 ## - PHYSICAL DESCRIPTION | |
| Number of Pages | 448 p. : |
| Other physical details | ill. (some col.) ; |
| Dimensions | 30 cm. |
| 500 ## - GENERAL NOTE | |
| General note | Map of North America on end papers. |
| 650 #0 - SUBJECT ADDED ENTRY--TOPICAL TERM | |
| Topical Term | Herbs |
| 650 #0 - SUBJECT ADDED ENTRY--TOPICAL TERM | |
| Topical Term | Herbs |
| 650 #0 - SUBJECT ADDED ENTRY--TOPICAL TERM | |
| Topical Term | Herb gardening. |
| 942 ## - ADDED ENTRY ELEMENTS (KOHA) | |
| Koha item type | ADB |
| 952 ## - LOCATION AND ITEM INFORMATION (KOHA) | |
| Withdrawn status [LOCAL, KOHA] | 0 |
| Source of acquisition | Permanent Location | Date acquired | Koha item type | Lost status | Shelving location | Current Location | Full call number |
|---|---|---|---|---|---|---|---|
| A38364 | Library Block C | 2019-11-25 | សៀវភៅភាសាអង់គ្លេស | C144 | Library Block C | 581 DKP 2001 C144 Or. |